| 000 | 00586nam a2200169Ia 4500 | ||
|---|---|---|---|
| 003 | LDD | ||
| 008 | 190117s9999 xx 000 0 und d | ||
| 020 | _c₹150 | ||
| 040 | _cLDD | ||
| 041 | _ahi | ||
| 082 | _a8H3.7 भा6442 | ||
| 100 | _aकेलकर, र.श. | ||
| 245 | 0 |
_aभारतीय कहानियाँ 1990-91 चौदह भारतीय भाषाओ की प्रतिनिधि कहानियाँ _cर.श. केलकर |
|
| 260 |
_aनई दिल्ली _bभारतीय _c1993 |
||
| 300 | _a315प्र. | ||
| 942 |
_2ddc _cH |
||
| 999 |
_c156622 _d156622 |
||